Kursus Kadaran
| Format: | Book |
|---|---|
| Subjects: |
MARC
| LEADER | 00000cam a2200000 7i4500 | ||
|---|---|---|---|
| 001 | 0000014347 | ||
| 005 | 20060522.0 | ||
| 040 | |a INS | ||
| 090 | 0 | 0 | |a J 49 |
| 245 | 0 | 0 | |a Kursus Kadaran |c Institut Penilaian Negara |
| 300 | |a Mukasurat pelbagai : |b ill. ; |c 29cm. | ||
| 500 | |a Kursus bertarikh 12 - 14 Jun 2001 | ||
| 650 | 0 | 0 | |a Kadaran |
| 999 | |a J000000070 |b BOOK |c Course Notes |e Default branch | ||
| 999 | |a J000000071 |b BOOK |c Course Notes |e Default branch | ||